Normal view
MARC view
- الشيخ ، محمد يوسف
Entry Personal Name
001 - CONTROL NUMBER
- control field: 7762
003 - CONTROL NUMBER IDENTIFIER
- control field: JO-AjAnu
005 - DATE AND TIME OF LATEST TRANSACTION
- control field: 20230606071544.0
008 - FIXED-LENGTH DATA ELEMENTS
- fixed length control field: 230606|| aca||aabn | a|a d
040 ## - CATALOGING SOURCE
- Original cataloging agency: JO-AjAnu
- Transcribing agency: JO-AjAnu
100 ## - HEADING--PERSONAL NAME
- Personal name: الشيخ ، محمد يوسف
670 ## - SOURCE DATA FOUND
- Source citation: Work cat.: (JO-AjAnu)4012: الشيخ ، محمد يوسف, author, الميكانيكا الحيوية وعلم الحركة للتمارين الرياضية